| 000 | 00604nam a22001937a 4500 | ||
|---|---|---|---|
| 999 |
_c9957 _d9957 |
||
| 003 | AR-CdUCM | ||
| 008 | 190328b ||||| |||| 00| 0 spa d | ||
| 040 |
_aMUNICIPALIDAD PROVINCIAL DEL CUSCO _cBIBLIOTECA MUNICIPAL DEL CUSCO |
||
| 082 |
_a461 / _bG72 |
||
| 100 |
_aGonzáles Pastor, Pedro Luis _926517 |
||
| 245 | _aSistema ortográfico del español / | ||
| 300 |
_a220 paginas ; _c20 cm. |
||
| 500 | _aDonación familia Nieto. | ||
| 505 | _aContenido :Sistema ortográfico del español. | ||
| 650 |
_aLengua española _91124 |
||
| 650 |
_aOrtografía. _92067 |
||
| 942 |
_2ddc _cLIBROS |
||
| 945 | _arum | ||